000 01211nam a22002657a 4500
001 9248
003 FISKH
005 20251205095021.0
008 251205b cb ||||| |||| 00| 0 eng d
020 _a9780194646826
040 _aFISKH
_beng
_cFISKH
_dFISKH
082 _a428.6
100 _aNorthcott, Richard
245 _aCities :
_bOxford read and discover /
_cRichard Northcott
250 _aThis edition published in 2016
260 _aUnited Kingdom :
_bOxford University Press,
_c2011
300 _a40 pages :
_bcolor illustrations ;
_c21 cm
505 _aG
520 _aThis exciting new series of non-fiction readers provides interesting and educational content, with activities and project work. The readers are graded at four levels, from 3 to 6, suitable for students from age 8 and older. They can support Content and Language Integrated Learning (CLIL), andcover a broad range of topics, within three curriculum areas:The World of Science and TechnologyThe Natural WorldThe World of Arts and Social StudiesAlso available for each reader
521 8 _a420
_bLexile estimate
521 8 _aG
_bRaz-Plus
650 _aScience & Discovery
942 _2ddc
_cBK
_n0
999 _c9248
_d9248